| 000 | 00450nam a2200145Ia 4500 | ||
|---|---|---|---|
| 008 | 220217s9999||||xx |||||||||||||| ||und|| | ||
| 020 | _a978-81-317-0482-0 | ||
| 082 | _a620.3 THO | ||
| 100 | _aThomson, William, T Dahleh, Marie Dillon and Padmanabhan, Ch | ||
| 245 | 0 | _aTheory of vibrations with applications | |
| 250 | _a5th | ||
| 260 |
_aPearson education of asia _bNew Delhi _c2008 |
||
| 300 |
_aXIV, 493p. _b375 |
||
| 650 | _aMECHANICHAL | ||
| 999 |
_c179278 _d179278 |
||